BIBLIOTECA PODER JUDICIAL
Portal Judicial TDF

La pandemia y el trabajo remoto, un cambio de paradigma en las relaciones laborales / (Registro nro. 6568)

000 -LEADER
fixed length control field 02011nab a22002417a 4500
003 - CONTROL NUMBER IDENTIFIER
control field OSt
005 - DATE AND TIME OF LATEST TRANSACTION
control field 20260224125109.0
008 - FIXED-LENGTH DATA ELEMENTS--GENERAL INFORMATION
fixed length control field 190506c xxu||||| |||| 00| 0 spa d
040 ## - CATALOGING SOURCE
Transcribing agency PJ
100 ## - MAIN ENTRY--PERSONAL NAME
9 (RLIN) 1439
Personal name Grisolia, Julio Armando
245 13 - TITLE STATEMENT
Title La pandemia y el trabajo remoto, un cambio de paradigma en las relaciones laborales /
Statement of responsibility, etc Julio Armando Grisolia.
260 ## - PUBLICATION, DISTRIBUTION, ETC. (IMPRINT)
Place of publication, distribution, etc Buenos Aires :
Name of publisher, distributor, etc AbeledoPerrot,
Date of publication, distribution, etc 2024.
300 ## - PHYSICAL DESCRIPTION
Extent p. 3-7
500 ## - GENERAL NOTE
General note Cita: TR LALEY AR/DOC/2435/2024.
505 ## - FORMATTED CONTENTS NOTE
Formatted contents note Sumario: I. La pandemia de COVID-19 de los últimos años ha tenido un impacto significativo en nuestra sociedad y en el mundo del trabajo. Las consecuencias, tanto en términos de salud y seguridad como de organización del trabajo, han sido profundas. ¿Cuáles cree que son los legados de esta experiencia y cómo ha cambiado el mundo del trabajo y las relaciones laborales?— II. Sin embargo, más allá de esta experiencia contingente, en los últimos años se han producido varias transformaciones importantes, como el envejecimiento de la mano de obra y la presencia de nuevas tecnologías que están modificando los acuerdos organizativos. ¿Cómo cree que estos cambios han afectado y pueden seguir afectando al mundo laboral?— III. En este contexto, los interlocutores sociales, que representan los intereses a veces opuestos de trabajadores y empresarios, están llamados a ser los actores clave de los cambios que afectan al mercado laboral. En su opinión, ¿cuál es y cuál debería ser el papel de los interlocutores sociales en la gestión de las recientes transformaciones del mundo laboral?<br/><br/>
505 ## - FORMATTED CONTENTS NOTE
Title ¿Te interesa el texto completo? Comunicate al correo: koha@justierradelfuego.gov.ar
650 #0 - SUBJECT ADDED ENTRY--TOPICAL TERM
9 (RLIN) 1316
Topical term or geographic name as entry element DERECHO LABORAL
650 #0 - SUBJECT ADDED ENTRY--TOPICAL TERM
9 (RLIN) 5233
Topical term or geographic name as entry element PANDEMIA
650 #0 - SUBJECT ADDED ENTRY--TOPICAL TERM
9 (RLIN) 1803
Topical term or geographic name as entry element RELACIONES LABORALES
650 #0 - SUBJECT ADDED ENTRY--TOPICAL TERM
9 (RLIN) 4439
Topical term or geographic name as entry element TELETRABAJO
773 0# - HOST ITEM ENTRY
Host Biblionumber 2751
Host Itemnumber 3202
Place, publisher, and date of publication Buenos Aires : AbeledoPerrot, 2013-
Title Revista de derecho laboral y seguridad social. Nº 21 - Noviembre 2024
942 ## - ADDED ENTRY ELEMENTS (KOHA)
Source of classification or shelving scheme
Koha item type Analítica Artículo de Revista

No hay ítems disponibles.

12 de Octubre 789 Ushuaia - Tel:  54(02901)441571
Horario de Atención: 8.00 a 17.00 hs. 
bibliotecaush@justierradelfuego.gov.ar
koha@justierradelfuego.gov.ar
Seguinos en nuestras redes @bibliojustdf 

Con tecnología Koha